| 000 | 00853cam a22002414a 4500 | ||
|---|---|---|---|
| 020 | _a9789251058428 | ||
| 020 | _a9251058423 | ||
| 040 | _cBTCTA | ||
| 082 | _a344 FOO 2007 A015 Or. | ||
| 110 | 2 | _aJoint FAO/WHO Codex Alimentarius Commission. | |
| 245 | 1 | 0 |
_aCodex alimentarius : _bcereals, pulses, legumes and vegetable proteins / |
| 246 | 3 | 0 | _aCereals, pulses, legumes and vegetable proteins |
| 250 | _a1st ed. | ||
| 260 |
_aRome : _bWorld Health Organization : _bFood and Agriculture Organization of the United Nations, _c2007. |
||
| 300 |
_a106 p. ; _c26 cm. |
||
| 650 | 0 | _aFood law and legislation. | |
| 650 | 0 | _aFood industry and trade | |
| 650 | 0 | _aFood | |
| 710 | 2 | _aWorld Health Organization. | |
| 710 | 2 | _aFood and Agriculture Organization of the United Nations. | |
| 710 | 2 | _aJoint FAO/WHO Food Standards Programme. | |
| 942 | _cEK | ||
| 999 |
_c11569 _d11569 |
||